000 00702cam a22002413a 4500
001 3200
003 PGUSA
005 20140828083027.0
008 040920s2004||||xxu|||||s|||||000 | eng d
040 _aPGUSA
_beng
042 _adc
050 4 _aPS
100 1 _aTwain, Mark,
_d1835-1910
245 1 4 _aThe Entire Project Gutenberg Works of Mark Twain
_h[electronic resource] /
_cMark Twain
260 _bProject Gutenberg,
_c2004
506 _aPublic domain in the USA.
516 _aElectronic text
653 _aAmerican literature -- 19th century
653 _aLiterature -- Collections
830 0 _aProject Gutenberg
_v3200
856 4 0 _uhttp://www.gutenberg.org/ebooks/3200
942 _cEB
999 _c232529
_d232529